000
00219nam a22000857a 4500
008
170527b xxu||||| |||| 00| 0 eng d
100
_9
3135
_a
A. Label
245
_a
Froq and toad all year
260
_a
New york
_b
Scholastic
_c
1976
999
_c
6427
_d
6427